| 000 | 00857nam a22002537a 4500 | ||
|---|---|---|---|
| 999 |
_c2090 _d2090 |
||
| 003 | AR-CdUCM | ||
| 008 | 190301b ||||| |||| 00| 0 spa d | ||
| 020 | _a84-281-0306-2 | ||
| 040 |
_aMUNICIPALIDAD PROVINCIAL DEL CUSCO _cBIBLIOTECA MUNICIPAL DEL CUSCO |
||
| 082 |
_a408.92 / _bJ21 |
||
| 100 |
_aJanton, Pierre _97560 |
||
| 245 | _aEl Esperanto / | ||
| 260 |
_aEspaña : _bOikos-tau ; _c 1976. |
||
| 300 |
_a143 páginas ; _bcuadros, _c18cm. |
||
| 440 |
_aColección ¿Qué sé? _n113 _97561 |
||
| 505 | _aContenido: El esperanto y las lenguas destruidas -- Los orígenes del del esperanto -- La lengua -- La expresión -- La literatura... | ||
| 650 |
_aEsperanto _97562 |
||
| 650 |
_aLengua _92065 |
||
| 650 |
_aEsperantismo _97563 |
||
| 650 |
_aLenguas naturales _97564 |
||
| 650 |
_aPasigrafías _97565 |
||
| 942 |
_2ddc _cLIBROS |
||
| 945 | _anom | ||